2017/18 Top 10 Premier League Coaches - Statistics

General Stats
  • This quiz has been taken 36 times
    17 since last reset
  • The average score is 8 of 10
Answer Stats
Rank Coach % Correct
1 Arsene Wenger
100%
3 Jose Mourinho
100%
5 Jurgen Klopp
100%
2 Pep Guardiola
100%
4 Antonio Conte
92%
6 Mauricio Pochettino
85%
9 Eddie Howe
62%
7 Rafael Benitez
46%
8 Ronald Koeman
46%
10 Tony Pulis
23%
No matching quizzes found
Score Distribution
Percent of People with Each Score
Percentile by Number Answered
Your Score History
You have not taken this quiz since the last reset